|
|
|
|
| LEADER |
00940nam a2200253 a 4500 |
| 001 |
2847488 |
| 008 |
090712s1993 enk 000 0 eng d |
| 010 |
|
|
|a 84141247
|
| 020 |
|
|
|a 0141184604
|
| 040 |
|
|
|a DLC
|c DLC
|d DLC
|
| 082 |
0 |
0 |
|a 820
|2 19
|
| 100 |
1 |
|
|a Woolf, Virginia,
|d 1882-1941.
|
| 245 |
1 |
0 |
|a A Room of one's own :
|b three guineas /
|c by Virginia Woolf ; edited with an introduction and notes by Michele Barrett.
|
| 260 |
|
|
|a London :
|b Chatto & Windus ;
|b Hogarth Press;
|b Penguin Books,
|c 1993.
|
| 300 |
|
|
|a lx, 366 p. ;
|c 21 cm.
|
| 490 |
0 |
|
|a A Chatto twin
|
| 541 |
1 |
|
|e 00011978
|
| 650 |
|
0 |
|a English Literature.
|
| 650 |
|
0 |
|a Women.
|
| 650 |
|
0 |
|a War.
|
| 700 |
1 |
2 |
|a Barrett,Michele.
|
| 852 |
4 |
|
|a Ayesha Abed Library
|j General Shelf.
|
| 999 |
|
|
|c 7573
|d 7573
|
| 952 |
|
|
|0 0
|1 0
|2 ddc
|4 0
|6 820_000000000000000_WOO
|7 0
|9 8223
|a BRACUL
|b BRACUL
|c GEN
|d 2010-02-16
|g 1344.00
|l 15
|m 87
|o 820 WOO
|p 3010011978
|r 2026-02-03
|s 2025-10-27
|t 1
|w 2010-02-16
|y BK
|x $15.99
|